| 000 | 01599nam a2200241Ia 4500 | ||
|---|---|---|---|
| 003 | Ost | ||
| 005 | 20260507075621.0 | ||
| 008 | 260507s9999||||xx |||||||||||||| ||und|| | ||
| 020 | _a9789947780862 | ||
| 040 | _cfsecg | ||
| 041 | _aara | ||
| 082 | _a657.46 | ||
| 100 |
_aعجيلة، محمد بن مبروك _eمؤلف |
||
| 245 | 0 |
_aمحاسبة التثبيتات وفق النظام المحاسبي المالي الجزائري : _bتمارين وحلول / _c محمد بن مبروك عجيلة |
|
| 260 |
_aالجزائر: _bالنشر الجامعي الجديد, _c2020 |
||
| 300 |
_a197 صفحة؛ _bإيضاحات ؛ _c24 سم |
||
| 504 | _aالمراجع ص.157 المختصرات ص.163 قائمة معايير المحاسبة الدولية والمالية ص.165 المصطلحات المحاسبية ص.169 المخطط الوطني المحاسبي المالي الجديد ص.181 | ||
| 520 | _aتناول هذا الكتاب موضوع محاسبة التثبيتات وفق النظام المحاسبي المالي الجزائري، حيث قدم من خلاله مدخل عام للمحاسبة، ومتطلبات محاسبة التثبيتات (الأصول الثابتة) الترتيبات والمعالجة، بالاضافة الى مجموعة من التمارين وحلولها مع التحليل والاستنتاجات. | ||
| 653 | _a النظام المحاسبي المالي - الجزائر | ||
| 653 | _aالمحاسبة التحليلية | ||
| 700 |
_aسعيداني، محمد السعيد _eمؤلف ثانوي |
||
| 942 | _cكتاب | ||
| 999 |
_c45143 _d45143 |
||